<?xml version="1.0" encoding="UTF-8"?><?xml-stylesheet type="text/xsl" href="static/style.xsl"?><OAI-PMH xmlns="http://www.openarchives.org/OAI/2.0/" xmlns:xsi="http://www.w3.org/2001/XMLSchema-instance" xsi:schemaLocation="http://www.openarchives.org/OAI/2.0/ http://www.openarchives.org/OAI/2.0/OAI-PMH.xsd"><responseDate>2026-04-27T21:26:14Z</responseDate><request verb="GetRecord" identifier="oai:uvadoc.uva.es:10324/7193" metadataPrefix="marc">https://uvadoc.uva.es/oai/request</request><GetRecord><record><header><identifier>oai:uvadoc.uva.es:10324/7193</identifier><datestamp>2021-06-18T09:34:36Z</datestamp><setSpec>com_10324_38</setSpec><setSpec>col_10324_787</setSpec></header><metadata><record xmlns="http://www.loc.gov/MARC21/slim" xmlns:doc="http://www.lyncode.com/xoai" xmlns:xsi="http://www.w3.org/2001/XMLSchema-instance" xmlns:dcterms="http://purl.org/dc/terms/" xsi:schemaLocation="http://www.loc.gov/MARC21/slim http://www.loc.gov/standards/marcxml/schema/MARC21slim.xsd">
<leader>00925njm 22002777a 4500</leader>
<datafield tag="042" ind1=" " ind2=" ">
<subfield code="a">dc</subfield>
</datafield>
<datafield tag="720" ind1=" " ind2=" ">
<subfield code="a">Morte Palacios, María Pilar</subfield>
<subfield code="e">author</subfield>
</datafield>
<datafield tag="260" ind1=" " ind2=" ">
<subfield code="c">2012</subfield>
</datafield>
<datafield tag="520" ind1=" " ind2=" ">
<subfield code="a">Óptica Unyvisión se encuentra en la avenida de navarra en Pamplona, en ella queremos iniciar la actividad de proporcionar ayudas de baja visión con el objeto de proporcionar un servicio, de que otras ópticas no disponen, mejorando así la atención visual de las personas residentes en nuestro entorno.&#xd;
Ahora a la vista de la demanda de un servicio de baja visión más especializado, tanto en ayudas visuales como en la rehabilitación de las personas con problemas de visión, decidimos que es necesario establecer una unidad de rehabilitación visual para ofrecer un servicio que es necesario, novedoso y demandado. Esta unidad es la que presentaremos en este plan de empresa</subfield>
</datafield>
<datafield tag="024" ind2=" " ind1="8">
<subfield code="a">http://uvadoc.uva.es/handle/10324/7193</subfield>
</datafield>
<datafield ind1=" " ind2=" " tag="653">
<subfield code="a">Deficientes visuales - Rehabilitación</subfield>
</datafield>
<datafield tag="245" ind1="0" ind2="0">
<subfield code="a">Plan de empresa de la Unidad de Rehabilitación Visual de Óptica Unyvisión</subfield>
</datafield>
</record></metadata></record></GetRecord></OAI-PMH>